[Event "LLHH 2324 SV Großhansdorf - Hamburger S"]
[Site "?"]
[Date "2023.11.19"]
[Round "2.7"]
[White "Juergens, Bernhard"]
[Black "Varain, Ernst-Helmuth"]
[Result "1/2-1/2"]
[WhiteElo "2127"]
[BlackElo "2017"]
[PlyCount "51"]
[EventDate "2023.??.??"]

1. e4 e5 2. Bc4 Nf6 3. d3 Bc5 4. Nc3 c6 5. Nf3 d6 6. Be3 Qe7 7. Qe2 a5 8. a3 O-O 9. O-O Na6 10. Rfe1 Bxe3 11. Qxe3 b5 12. Ba2 Bd7 13. Ne2 c5 14. Ng3 g6 15. c3 Nc7 16. d4 Bg4 17. Nd2 Be6 18. Bxe6 Nxe6 19. Ne2 Rfc8 20. Rac1 Qa7 21. dxe5 dxe5 22. f3 Rd8 23. Nf1 c4 24. Rcd1 Qc7 25. Nc1 Rxd1 26. Rxd1 1/2-1/2

[Event "LLHH 2324 SV Großhansdorf - Hamburger S"]
[Site "?"]
[Date "2023.11.19"]
[Round "2.8"]
[White "Kemeny, Matthias"]
[Black "Malchereck, Zion"]
[Result "1/2-1/2"]
[WhiteElo "1936"]
[BlackElo "1784"]
[PlyCount "104"]
[EventDate "2023.??.??"]

1. e4 c5 2. Nf3 Nc6 3. d4 cxd4 4. Nxd4 Nf6 5. Nc3 e5 6. Ndb5 d6 7. Bg5 a6 8. Na3 b5 9. Nd5 Be7 10. Nxe7 Qxe7 11. c4 b4 12. Nc2 h6 13. Bxf6 Qxf6 14. Ne3 O-O 15. Bd3 Nd4 16. Nd5 Qg5 17. Ne3 Bb7 18. O-O h5 19. Kh1 a5 20. Rc1 Rfc8 21. b3 Rc5 22. Nd5 Bxd5 23. exd5 Qg4 24. Qd2 g5 25. Rce1 f5 26. f3 Qf4 27. Qf2 Qh4 28. g3 Qh3 29. Qe3 Rc7 30. Rf2 Rg7 31. Bf1 f4 32. gxf4 gxf4 33. Qxd4 Qxf1+ 34. Rfxf1 exd4 35. Re4 a4 36. Rxd4 axb3 37. axb3 Rf7 38. Rg1+ Kh7 39. Rg5 Kh6 40. h4 Ra3 41. Re4 Rf6 42. Re8 Rg6 43. Rxg6+ Kxg6 44. Re6+ Kf7 45. Rxd6 Rxb3 46. Rb6 Rxf3 47. Rxb4 Rh3+ 48. Kg2 Rc3 49. Rb7+ Kf6 50. Rc7 Ke5 51. Rc6 Ke4 52. Kf2 Rc2+ 1/2-1/2

[Event "LLHH 2324 SK Union Eimsbüttel - SC Kön"]
[Site "?"]
[Date "2023.11.19"]
[Round "2.1"]
[White "Conrad, Christian"]
[Black "Schultz, Andreas"]
[Result "1/2-1/2"]
[WhiteElo "2083"]
[BlackElo "2183"]
[PlyCount "105"]
[EventDate "2023.??.??"]

1. d4 d5 2. Nf3 Nf6 3. g3 e6 4. Bg2 b5 5. O-O Be7 6. Bg5 Nbd7 7. Nbd2 Bb7 8. a4 a6 9. c3 c5 10. axb5 axb5 11. dxc5 Nxc5 12. Rxa8 Bxa8 13. Nd4 O-O 14. N2f3 Qb6 15. Ne5 Bd6 16. Nd3 Nxd3 17. Qxd3 b4 18. Bxf6 gxf6 19. c4 Be5 20. e3 dxc4 21. Qxc4 Bxg2 22. Kxg2 Bxd4 23. exd4 Rd8 24. Qc5 Qb7+ 25. Kg1 Rc8 26. Qh5 Qe4 27. Rd1 Rc2 28. d5 Rc5 29. Qh4 Qf3 30. Ra1 Qxd5 31. Qxf6 Rc8 32. h4 Qf5 33. Qd4 b3 34. Ra4 h5 35. Rb4 e5 36. Qe3 Qb1+ 37. Kg2 Qxb2 38. Rxb3 Qc2 39. Qg5+ Kf8 40. Re3 Qc6+ 41. Kh2 Re8 42. Qxh5 Qf6 43. Qe2 Re6 44. Kg2 Qe7 45. Rb3 Kg7 46. Qe4 Qc7 47. Rf3 Qc6 48. Qxc6 Rxc6 49. g4 f6 50. Kg3 Kg6 51. Re3 Rc4 52. Rf3 Rc6 53. Re3 1/2-1/2

[Event "LLHH 2324 SK Union Eimsbüttel - SC Kön"]
[Site "?"]
[Date "2023.11.19"]
[Round "2.2"]
[White "Voigt, Gerrit"]
[Black "Cremer, Jochen"]
[Result "1-0"]
[WhiteElo "2166"]
[BlackElo "2082"]
[PlyCount "59"]
[EventDate "2023.??.??"]

1. e4 c5 2. Nf3 d6 3. Bb5+ Nd7 4. c4 Ngf6 5. Nc3 a6 6. Ba4 e6 7. d4 cxd4 8. Qxd4 Be7 9. Bg5 O-O 10. O-O Qc7 11. Rac1 Ne5 12. Nxe5 dxe5 13. Qd3 h6 14. Bh4 Rd8 15. Qe2 b6 16. f4 Bb7 17. f5 Nh7 18. Bxe7 Qxe7 19. Qf2 Rd4 20. Qg3 Qc5 21. b4 Qc7 22. fxe6 fxe6 23. Bb3 Ng5 24. c5 Kh7 25. h4 Nxe4 26. Bc2 Kh8 27. Bxe4 Bxe4 28. Nxe4 Rxe4 29. Qf3 Qc6 30. Rce1 1-0

[Event "LLHH 2324 SK Union Eimsbüttel - SC Kön"]
[Site "?"]
[Date "2023.11.19"]
[Round "2.3"]
[White "Moehrmann, Marcus"]
[Black "Franke, Lutz"]
[Result "1-0"]
[WhiteElo "1995"]
[BlackElo "2125"]
[PlyCount "37"]
[EventDate "2023.??.??"]

1. d4 Nf6 2. c4 g6 3. Nc3 d5 4. Nf3 Bg7 5. Bg5 Ne4 6. Bh4 Nxc3 7. bxc3 c5 8. e3 Qa5 9. Qb3 cxd4 10. exd4 Be6 11. c5 Nc6 12. Bb5 f6 13. O-O Kf7 14. Rfe1 a6 15. Rxe6 Qxb5 16. Qxd5 Kf8 17. Rae1 Rd8 18. Qe4 Qc4 19. Rxe7 1-0

[Event "LLHH 2324 SK Union Eimsbüttel - SC Kön"]
[Site "?"]
[Date "2023.11.19"]
[Round "2.4"]
[White "Foerster, Andreas"]
[Black "Chin, Karin"]
[Result "1/2-1/2"]
[WhiteElo "2190"]
[BlackElo "2042"]
[PlyCount "49"]
[EventDate "2023.??.??"]

1. d4 Nf6 2. c4 g6 3. Nc3 Bg7 4. e4 d6 5. f3 O-O 6. Bg5 c5 7. d5 e6 8. Nge2 exd5 9. cxd5 Bd7 10. a4 Na6 11. Ng3 Qa5 12. Be2 Rfc8 13. O-O c4 14. Be3 Qb4 15. Qc2 Ne8 16. Rfd1 Nc5 17. f4 Nb3 18. Ra2 a6 19. e5 dxe5 20. d6 Nd4 21. Qd2 Qxd6 22. fxe5 Nxe2+ 23. Qxe2 Qe6 24. Nd5 Qxe5 25. Nb6 1/2-1/2

[Event "LLHH 2324 SK Union Eimsbüttel - SC Kön"]
[Site "?"]
[Date "2023.11.19"]
[Round "2.5"]
[White "Lohse, Marc"]
[Black "Stelting, Thorsten"]
[Result "1/2-1/2"]
[WhiteElo "1900"]
[BlackElo "2171"]
[PlyCount "111"]
[EventDate "2023.??.??"]

1. e4 e5 2. Nf3 Nc6 3. Bc4 Bc5 4. b4 Bb6 5. O-O d6 6. c3 Nf6 7. d3 h6 8. a4 a5 9. b5 Ne7 10. Be3 Ng6 11. Nbd2 O-O 12. Bxb6 cxb6 13. d4 Bg4 14. dxe5 dxe5 15. Re1 Rc8 16. Re3 Qe7 17. Qb3 Nf4 18. Bf1 Rc5 19. Qa3 Rfc8 20. Nb3 R5c7 21. Qxe7 Rxe7 22. Rd1 Bxf3 23. gxf3 Rd7 24. Rxd7 Nxd7 25. Re1 Rxc3 26. Rd1 Rc7 27. Rd6 Kf8 28. Rd1 Ke7 29. Nd2 Kd6 30. Nb3+ Ke6 31. Nd2 Rc3 32. Nc4 f6 33. Nd6 Nd3 34. Nf5 N7c5 35. Nxg7+ Kf7 36. Nf5 Rc1 37. Rd2 Kg6 38. Ne3 Ne1 39. Rd6 Nxf3+ 40. Kg2 Ne1+ 41. Kh3 Nxe4 42. Rxb6 Nxf2+ 43. Kh4 Ne4 44. Be2 Rc7 45. Bh5+ Kh7 46. Re6 Rg7 47. Bg4 Nf2 48. Bf5+ Kg8 49. Rd6 Rg5 50. Be6+ Kf8 51. Bd5 e4 52. Rxf6+ Kg7 53. Rxf2 Nf3+ 54. Kh3 Ng1+ 55. Kh4 Nf3+ 56. Kh3 1/2-1/2

[Event "LLHH 2324 SK Union Eimsbüttel - SC Kön"]
[Site "?"]
[Date "2023.11.19"]
[Round "2.6"]
[White "Kayser, Stefan"]
[Black "Wolter, Michael"]
[Result "1-0"]
[WhiteElo "2103"]
[BlackElo "2155"]
[PlyCount "165"]
[EventDate "2023.??.??"]

1. d4 d5 2. Nf3 Nf6 3. g3 e6 4. Bg2 Be7 5. O-O O-O 6. c4 a5 7. cxd5 exd5 8. Nc3 Re8 9. Qb3 c6 10. Ne5 b5 11. e4 b4 12. exd5 bxc3 13. dxc6 Be6 14. Qxc3 Nd5 15. c7 Nxc7 16. Bxa8 Nxa8 17. Be3 Bd5 18. Nd3 Bd6 19. Bf4 Nc6 20. Bxd6 Qxd6 21. Rfe1 Rd8 22. Nf4 g5 23. Nxd5 Qxd5 24. Qc5 Qxc5 25. dxc5 Nc7 26. Rad1 Rb8 27. Rd6 Nd8 28. Re7 Nde6 29. Rdd7 Rxb2 30. Rxf7 Rxa2 31. Rxc7 Nxc7 32. Rxc7 Rc2 33. c6 a4 34. Ra7 Rxc6 35. Rxa4 Kg7 36. h4 Kg6 37. hxg5 Kxg5 38. Ra5+ Kg4 39. Kg2 Rc2 40. Ra7 h6 41. Rg7+ Kf5 42. Rg8 Kf6 43. Rh8 Kg6 44. Rf8 h5 45. Kh3 Rc1 46. Rg8+ Kh7 47. Re8 Rh1+ 48. Kg2 Rc1 49. Re6 Rc3 50. f4 Rc1 51. Kf3 Rf1+ 52. Ke4 Rg1 53. Kf3 Rf1+ 54. Kg2 Rc1 55. Rd6 Ra1 56. Rd3 Kg6 57. Kf3 Rb1 58. Ke4 Rb4+ 59. Kf3 Rb1 60. Rd6+ Kg7 61. f5 Rb3+ 62. Kf4 Ra3 63. Re6 Ra4+ 64. Re4 Ra3 65. Re3 Ra5 66. Kg5 Kf7 67. Rb3 Ra7 68. Rf3 Ra8 69. Kxh5 Rg8 70. g4 Kf6 71. Kh4 Rh8+ 72. Kg3 Kg5 73. Rd3 Ra8 74. Rd4 Ra3+ 75. Kf2 Rb3 76. Re4 Rh3 77. Re3 Rh4 78. Rg3 Kf4 79. f6 Kg5 80. Rf3 Rh8 81. f7 Rf8 82. Ke3 Kxg4 83. Ke4 1-0

[Event "LLHH 2324 SK Union Eimsbüttel - SC Kön"]
[Site "?"]
[Date "2023.11.19"]
[Round "2.7"]
[White "Schroeter, Baldur"]
[Black "Adloff, Ralf"]
[Result "0-1"]
[WhiteElo "2014"]
[BlackElo "2064"]
[PlyCount "86"]
[EventDate "2023.??.??"]

1. e4 c6 2. d4 d5 3. f3 Qb6 4. Nc3 dxe4 5. fxe4 e5 6. Nf3 exd4 7. Nxd4 h5 8. Qd3 Nd7 9. Bf4 Nc5 10. Qe3 Ne6 11. O-O-O Nxd4 12. Qxd4 Qxd4 13. Rxd4 Be6 14. Be2 Bc5 15. Rd2 Nf6 16. Bf3 Bb4 17. Be5 Be7 18. Kb1 h4 19. h3 O-O 20. Rhd1 Rfd8 21. Bd6 Rxd6 22. Rxd6 Bxd6 23. Rxd6 Nd7 24. Ne2 Ne5 25. Nf4 Re8 26. Nxe6 Rxe6 27. Rd8+ Kh7 28. Rb8 Re7 29. Kc1 Rd7 30. c3 f6 31. Kc2 g6 32. Rf8 Kg7 33. Ra8 b6 34. a4 c5 35. b4 cxb4 36. cxb4 Kh6 37. Bg4 Rc7+ 38. Kb3 Nxg4 39. hxg4 Kg5 40. Rf8 Re7 41. Kc4 Rxe4+ 42. Kb5 a6+ 43. Kxb6 Rxb4+ 0-1

[Event "LLHH 2324 SK Union Eimsbüttel - SC Kön"]
[Site "?"]
[Date "2023.11.19"]
[Round "2.8"]
[White "Winter, Markus"]
[Black "Knops, Peter"]
[Result "1-0"]
[WhiteElo "2000"]
[BlackElo "1911"]
[PlyCount "66"]
[EventDate "2023.??.??"]

1. d4 d5 2. Nf3 Nf6 3. Bf4 c5 4. e3 Nc6 5. c3 Qb6 6. Na3 c4 7. b4 Bf5 8. Ne5 e6 9. g4 Bxb4 10. gxf5 Bxc3+ 11. Ke2 Bxa1 12. Qxa1 exf5 13. Bg2 O-O 14. Rg1 Rfe8 15. Rb1 Qa6 16. Nb5 Qa5 17. Nd6 Ne4 18. Bxe4 fxe4 19. Nxe8 Rxe8 20. Rxb7 Nxe5 21. Bxe5 f6 22. Bf4 c3 23. Rc7 Qa6+ 24. Ke1 Rc8 25. Qxc3 Rxc7 26. Qxc7 Qxa2 27. Qd8+ Kf7 28. Qd7+ Kg6 29. Qg4+ Kf7 30. Kf1 Qb1+ 31. Kg2 Qb5 32. Qh5+ Kg8 33. Bd6 Qd7 1-0

[Event "LLHH 2324 SK Johanneum Eppendorf II - FC"]
[Site "?"]
[Date "2023.11.19"]
[Round "2.1"]
[White "Kahlert, Thomas"]
[Black "Wenzel, Birger"]
[Result "1/2-1/2"]
[WhiteElo "2112"]
[BlackElo "2031"]
[PlyCount "42"]
[EventDate "2023.??.??"]

1. d4 Nf6 2. Nf3 e6 3. c4 b6 4. g3 Bb7 5. Bg2 Be7 6. O-O O-O 7. Nc3 Ne4 8. Nxe4 Bxe4 9. Ne1 Bxg2 10. Nxg2 d5 11. Qa4 dxc4 12. Qxc4 c5 13. Be3 cxd4 14. Bxd4 Qc8 15. Rac1 Nd7 16. Rfd1 Rd8 17. Ne3 Qb7 18. Qc6 Qa6 19. Qc4 Qb7 20. Qc6 Qa6 21. Qc4 Qb7 1/2-1/2

[Event "LLHH 2324 SK Johanneum Eppendorf II - FC"]
[Site "?"]
[Date "2023.11.19"]
[Round "2.2"]
[White "Kussin, Bernd"]
[Black "Thieme, Daniel Otis"]
[Result "1/2-1/2"]
[WhiteElo "2083"]
[BlackElo "2113"]
[PlyCount "104"]
[EventDate "2023.??.??"]

1. d4 Nf6 2. Nf3 d5 3. c4 e6 4. cxd5 exd5 5. Nc3 c6 6. Bg5 Be7 7. Qc2 O-O 8. e3 Re8 9. Bd3 h6 10. Bf4 Nbd7 11. O-O Nh5 12. Ne5 Nxf4 13. exf4 Bd6 14. Rad1 Re7 15. Rfe1 Nf8 16. f5 Nd7 17. Nf3 Nf6 18. h3 Bd7 19. Rxe7 Qxe7 20. Re1 Qf8 21. Qd2 Re8 22. Rxe8 Qxe8 23. Qe3 Qxe3 24. fxe3 c5 25. dxc5 Bxc5 26. Nd4 Kf8 27. Kf2 a6 28. Kf3 Ke7 29. g4 Kd6 30. Kf4 Bb4 31. h4 Bxc3 32. bxc3 b5 33. g5 hxg5+ 34. hxg5 Ne8 35. Nf3 f6 36. Nd4 Kc5 37. g6 Nd6 38. Nb3+ Kb6 39. e4 dxe4 40. Bxe4 Nxe4 41. Kxe4 a5 42. Nd4 Kc5 43. Kf4 Kd5 44. Ne2 Kc4 45. Ng3 Kxc3 46. Nh5 b4 47. Nxg7 a4 48. Ne6 Be8 49. Nd8 Bxg6 50. fxg6 b3 51. axb3 axb3 52. g7 b2 1/2-1/2

[Event "LLHH 2324 SK Johanneum Eppendorf II - FC"]
[Site "?"]
[Date "2023.11.19"]
[Round "2.3"]
[White "Goepfert, Jakob"]
[Black "Enxing, Simon"]
[Result "1-0"]
[WhiteElo "2108"]
[BlackElo "2165"]
[PlyCount "103"]
[EventDate "2023.??.??"]

1. d4 c5 2. d5 Nf6 3. Nc3 g6 4. e4 d6 5. h3 Bg7 6. Nf3 O-O 7. Be2 Nbd7 8. O-O a6 9. a4 Qc7 10. Re1 b6 11. Bg5 Rb8 12. Bc4 Ne5 13. Nxe5 dxe5 14. Qe2 Ra8 15. Rad1 Qd6 16. Rf1 h6 17. Bc1 Nh5 18. Rfe1 Ra7 19. b3 Rd8 20. Qe3 Nf4 21. Ba3 Rc7 22. Bf1 Qf6 23. a5 b5 24. Bxc5 Rd6 25. Bxd6 exd6 26. Na2 Qg5 27. Qg3 Qd8 28. Nb4 Kh7 29. Ra1 f5 30. c4 bxc4 31. Bxc4 h5 32. Bf1 Bh6 33. Nc6 Qf6 34. Rad1 h4 35. Qf3 fxe4 36. Qxe4 Rf7 37. Kh2 Nh5 38. Re2 Bf4+ 39. Kg1 Qg5 40. Qd3 Bf5 41. Qc3 e4 42. b4 e3 43. Rxe3 Bxe3 44. Qxe3 Nf4 45. Rd4 Bd7 46. Kh2 Kg7 47. b5 axb5 48. a6 Qf5 49. a7 Nxd5 50. Rxd5 Qxd5 51. a8=Q Bxc6 52. Qc3+ 1-0

[Event "LLHH 2324 SK Johanneum Eppendorf II - FC"]
[Site "?"]
[Date "2023.11.19"]
[Round "2.4"]
[White "Zobel, Andrej"]
[Black "zur Lage, Julian"]
[Result "1/2-1/2"]
[WhiteElo "2073"]
[BlackElo "2121"]
[PlyCount "39"]
[EventDate "2023.??.??"]

1. d4 d5 2. c4 c6 3. Nf3 Nf6 4. Nc3 dxc4 5. e3 b5 6. a4 b4 7. Na2 a5 8. Bxc4 e6 9. O-O Be7 10. b3 O-O 11. Qe2 c5 12. Bb2 Bb7 13. Nc1 Nbd7 14. Rd1 Rc8 15. dxc5 Qc7 16. Nd3 Nxc5 17. Be5 Qc6 18. Bd4 Nxd3 19. Bxd3 Rfd8 20. Qb2 1/2-1/2

[Event "LLHH 2324 SK Johanneum Eppendorf II - FC"]
[Site "?"]
[Date "2023.11.19"]
[Round "2.5"]
[White "Wronn, Bernd"]
[Black "Dumjahn, Carsten"]
[Result "1-0"]
[WhiteElo "2133"]
[BlackElo "2002"]
[PlyCount "123"]
[EventDate "2023.??.??"]

1. Nf3 d5 2. c4 e6 3. g3 Nf6 4. Bg2 Be7 5. O-O O-O 6. d4 c6 7. b3 b6 8. Bb2 Bb7 9. Nc3 Nbd7 10. Ne5 Qc7 11. Rc1 dxc4 12. Nxc4 b5 13. Nd2 Qb6 14. Nce4 Rfd8 15. Qc2 Rac8 16. Nxf6+ Nxf6 17. Ne4 Nxe4 18. Qxe4 Rd7 19. Qg4 Bf6 20. e3 Qa5 21. a3 Qd2 22. Ba1 Qa2 23. d5 h5 24. Qxh5 Bxa1 25. dxe6 fxe6 26. Rxa1 Qxb3 27. Be4 Qb2 28. Bh7+ Kf8 29. Qc5+ Kf7 30. Rab1 Qf6 31. Be4 a5 32. a4 bxa4 33. Qh5+ Ke7 34. Qc5+ Kf7 35. Qxa5 Ra8 36. Qh5+ Ke7 37. Rfd1 Rxd1+ 38. Qxd1 Ra7 39. Qh5 e5 40. f4 a3 41. fxe5 Qh6 42. Qe2 a2 43. Ra1 Ra3 44. Bg2 Ba6 45. Qd2 Qxe3+ 46. Qxe3 Rxe3 47. Rxa2 Bb5 48. Ra7+ Kf8 49. Rc7 Re1+ 50. Kf2 Re2+ 51. Kf3 Rxe5 52. h4 Rc5 53. g4 Rc2 54. Kg3 c5 55. Bd5 g6 56. Be4 Rc3+ 57. Kf4 Be8 58. Kg5 Rc4 59. Bd5 Rc1 60. Bc6 Bf7 61. Be4 Rc4 62. Rxf7+ 1-0

[Event "LLHH 2324 SK Johanneum Eppendorf II - FC"]
[Site "?"]
[Date "2023.11.19"]
[Round "2.6"]
[White "Seidel, Mika"]
[Black "Grote, Dirk"]
[Result "1/2-1/2"]
[WhiteElo "1966"]
[BlackElo "2052"]
[PlyCount "50"]
[EventDate "2023.??.??"]

1. c4 e6 2. Nf3 Nf6 3. Nc3 d5 4. d4 Bb4 5. g3 O-O 6. Bg2 dxc4 7. Ne5 c5 8. a3 Bxc3+ 9. bxc3 Nd5 10. Qd2 cxd4 11. Qxd4 Qa5 12. Bd2 Nc6 13. Nxc6 bxc6 14. O-O Ba6 15. e4 Nf6 16. e5 Rfd8 17. Qf4 Nd5 18. Qg4 Nxc3 19. Bg5 Rd3 20. Bf6 g6 21. Qg5 Qc5 22. Be7 Qd4 23. Bf6 Qc5 24. Be7 Qd4 25. Bf6 Qc5 1/2-1/2

[Event "LLHH 2324 SK Johanneum Eppendorf II - FC"]
[Site "?"]
[Date "2023.11.19"]
[Round "2.7"]
[White "Knecht, Guntram"]
[Black "Spaet, Alexander"]
[Result "1-0"]
[WhiteElo "2051"]
[BlackElo "1996"]
[PlyCount "97"]
[EventDate "2023.??.??"]

1. e4 e6 2. d3 d5 3. Nd2 dxe4 4. dxe4 e5 5. Ngf3 Nc6 6. Bb5 Bd6 7. O-O Nf6 8. Re1 O-O 9. Nf1 Bg4 10. h3 Bxf3 11. Qxf3 Nd4 12. Qd3 a6 13. Ba4 b5 14. Bb3 c5 15. Bd5 c4 16. Qd1 Nxd5 17. exd5 b4 18. Ne3 c3 19. bxc3 bxc3 20. Qd3 Rc8 21. Qxa6 f5 22. Qd3 Qf6 23. a4 e4 24. Qd1 Qe5 25. Nf1 f4 26. Ba3 Rf6 27. a5 Bxa3 28. Rxa3 Rg6 29. Ra4 f3 30. Qxd4 Rxg2+ 31. Kh1 Qf5 32. Nh2 Qf4 33. Ng4 Rxg4 34. hxg4 Qxg4 35. Qxg7+ Qxg7 36. Rg1 Rd8 37. a6 Qxg1+ 38. Kxg1 Ra8 39. a7 Kf7 40. Ra6 Ke7 41. Rh6 Rg8+ 42. Kh2 Kd7 43. Ra6 Ra8 44. Kg3 Kc7 45. Kf4 Kb7 46. Rh6 Kxa7 47. Kxe4 Rd8 48. Rxh7+ Kb6 49. Kd4 1-0

[Event "LLHH 2324 SK Johanneum Eppendorf II - FC"]
[Site "?"]
[Date "2023.11.19"]
[Round "2.8"]
[White "Markovic, Daniel"]
[Black "Mueller, Frank"]
[Result "1-0"]
[WhiteElo "1949"]
[BlackElo "2079"]
[PlyCount "47"]
[EventDate "2023.??.??"]

1. e4 Nc6 2. d4 d5 3. exd5 Qxd5 4. Be3 Bf5 5. Nc3 Qd7 6. Bb5 a6 7. Ba4 b5 8. Bb3 e6 9. Nf3 Nf6 10. h3 Nd5 11. Nxd5 exd5 12. Bf4 Be7 13. O-O O-O 14. c3 Rfe8 15. Re1 f6 16. Nh4 Bg6 17. Nxg6 hxg6 18. Qg4 f5 19. Qxg6 Na5 20. Bc2 Rf8 21. Re6 Nc4 22. Rae1 Rf6 23. Rxf6 Bxf6 24. Bxf5 1-0

[Event "LLHH 2324 SK Weisse Dame - SK Marmstorf"]
[Site "?"]
[Date "2023.11.19"]
[Round "2.1"]
[White "Carlstedt, Jonathan"]
[Black "Popist, Florian"]
[Result "1/2-1/2"]
[WhiteElo "2454"]
[BlackElo "2172"]
[PlyCount "162"]
[EventDate "2023.??.??"]

1. e4 c5 2. c3 Nf6 3. e5 Nd5 4. Bc4 Nb6 5. Bb3 c4 6. Bc2 d6 7. exd6 Qxd6 8. Nf3 Nc6 9. O-O Bg4 10. Re1 O-O-O 11. Qe2 Kb8 12. Na3 Qf6 13. b3 Bxf3 14. Qxf3 Qxf3 15. gxf3 cxb3 16. axb3 e6 17. d4 Nd5 18. Bd2 Bd6 19. Be4 Rc8 20. Bxd5 exd5 21. Nb5 Bc7 22. c4 Rcd8 23. Be3 a6 24. Nxc7 Kxc7 25. Rad1 Rd7 26. Kf1 Rhd8 27. Bf4+ Kc8 28. c5 Re7 29. Re3 Rde8 30. Ke2 Kd7 31. Kd3 Re6 32. Rde1 Ne7 33. Rxe6 fxe6 34. Be5 Nf5 35. Ra1 Re7 36. Ra4 Rf7 37. Rb4 b5 38. cxb6 Kc6 39. Bc7 Kb7 40. Ra4 Ne7 41. Ke3 Nc8 42. Rb4 Rf6 43. h4 g6 44. Bd8 Rf8 45. Bg5 Re8 46. Ra4 Nxb6 47. Ra1 Rc8 48. Kd3 Rf8 49. f4 Nc8 50. h5 gxh5 51. Re1 Re8 52. Rh1 h6 53. Bxh6 Rh8 54. Bg7 Rh7 55. Bf8 h4 56. Ke3 Nb6 57. Bd6 Nc8 58. Bc5 Kc6 59. Kf3 Nd6 60. Bxd6 Kxd6 61. Ra1 Rc7 62. Rxa6+ Ke7 63. f5 exf5 64. Kf4 Rc3 65. Rh6 h3 66. Kxf5 Rxb3 67. f4 Re3 68. Rh7+ Kd6 69. Kg6 Rg3+ 70. Kf6 Rd3 71. f5 Rxd4 72. Rxh3 Rf4 73. Rh8 Rf1 74. Kg6 d4 75. f6 Kd5 76. f7 d3 77. f8=Q Rxf8 78. Rxf8 Ke4 79. Re8+ Kf4 80. Rd8 Ke3 81. Rxd3+ Kxd3 1/2-1/2

[Event "LLHH 2324 SK Weisse Dame - SK Marmstorf"]
[Site "?"]
[Date "2023.11.19"]
[Round "2.2"]
[White "Akca, Gani Eren"]
[Black "Kuberczyk, Christoph"]
[Result "1-0"]
[WhiteElo "2156"]
[BlackElo "2277"]
[PlyCount "103"]
[EventDate "2023.??.??"]

1. e4 c5 2. Nf3 e6 3. d4 cxd4 4. Nxd4 Nc6 5. Nc3 a6 6. Be3 Nf6 7. Qf3 Bb4 8. Nxc6 bxc6 9. Bd4 d5 10. O-O-O O-O 11. Qg3 Re8 12. f4 Bb7 13. Be5 Bf8 14. exd5 cxd5 15. Bd3 Bd6 16. Rhe1 g6 17. Qh4 Bxe5 18. fxe5 Nd7 19. Qg3 Qe7 20. h4 Rf8 21. h5 Nc5 22. Ne2 Rad8 23. Nf4 g5 24. h6 f5 25. exf6 Qxf6 26. Nxe6 Nxe6 27. Rxe6 Qxe6 28. Qxg5+ Kf7 29. Rf1+ Ke8 30. Rxf8+ Kxf8 31. Qxd8+ Kf7 32. Qc7+ Ke8 33. Qb8+ Bc8 34. Kd1 Qg4+ 35. Ke1 Qh4+ 36. g3 Qh1+ 37. Bf1 Qe4+ 38. Kd2 Qd4+ 39. Bd3 Qf2+ 40. Kc3 d4+ 41. Kc4 Qf7+ 42. Kxd4 Qf2+ 43. Kc4 Qf7+ 44. Kc3 Qf6+ 45. Kb3 Kd8 46. Qf4 Qb6+ 47. Ka3 Qa5+ 48. Qa4 Qd5 49. Qh4+ Kd7 50. b3 Qc5+ 51. Kb2 Qe5+ 52. c3 1-0

[Event "LLHH 2324 SK Weisse Dame - SK Marmstorf"]
[Site "?"]
[Date "2023.11.19"]
[Round "2.3"]
[White "Hawellek, Jeronimo"]
[Black "Lansky, Georg"]
[Result "1-0"]
[WhiteElo "2288"]
[BlackElo "2071"]
[PlyCount "53"]
[EventDate "2023.??.??"]

1. d4 Nf6 2. Bf4 g6 3. Nc3 d5 4. e3 Bg7 5. h4 c6 6. Bd3 Nbd7 7. Nf3 Nh5 8. Bh2 f5 9. Ng5 Ndf6 10. f3 O-O 11. Qe2 Ne8 12. O-O-O Nhf6 13. Be5 b5 14. Qe1 Nd6 15. Ne2 e6 16. Nf4 Qe7 17. Qg3 Nc4 18. Bxc4 bxc4 19. h5 gxh5 20. Nxh5 Nxh5 21. Rxh5 h6 22. Rdh1 Bxe5 23. dxe5 f4 24. exf4 Rf5 25. Rxh6 Qg7 26. Rh8+ Qxh8 27. Nxe6+ 1-0

[Event "LLHH 2324 SK Weisse Dame - SK Marmstorf"]
[Site "?"]
[Date "2023.11.19"]
[Round "2.4"]
[White "Mandelbaum, Peter-Rene"]
[Black "Ramme, Christoph"]
[Result "1/2-1/2"]
[WhiteElo "2100"]
[BlackElo "2115"]
[PlyCount "75"]
[EventDate "2023.??.??"]

1. e4 c5 2. Nc3 e6 3. Nf3 Nc6 4. d4 cxd4 5. Nxd4 d6 6. Be3 Nf6 7. Bd3 Be7 8. O-O O-O 9. Kh1 Nxd4 10. Bxd4 e5 11. Be3 Be6 12. Nd5 Bxd5 13. exd5 Qd7 14. f3 g6 15. c4 Nh5 16. a4 Bf6 17. a5 e4 18. Bxe4 Bxb2 19. Rb1 Bc3 20. Qb3 Bxa5 21. Qxb7 Qxb7 22. Rxb7 Rfc8 23. g4 Nf6 24. Bd3 a6 25. Bd4 Ne8 26. Ra1 Bd2 27. Ra2 Bg5 28. Bb6 Bd8 29. Kg2 Bxb6 30. Rxb6 a5 31. Rb5 Rc5 32. Kf2 Kf8 33. Ke3 Nf6 34. Kd4 Rxb5 35. cxb5 Nd7 36. f4 h6 37. h4 Ke7 38. Re2+ 1/2-1/2

[Event "LLHH 2324 SK Weisse Dame - SK Marmstorf"]
[Site "?"]
[Date "2023.11.19"]
[Round "2.5"]
[White "Mueller, Jan-Hendrik"]
[Black "Ludwig, Jan"]
[Result "1-0"]
[WhiteElo "2138"]
[BlackElo "2046"]
[PlyCount "83"]
[EventDate "2023.??.??"]

1. d4 e6 2. c4 d5 3. Nf3 Nf6 4. e3 Bd6 5. b3 O-O 6. Bd3 b6 7. O-O Nbd7 8. cxd5 exd5 9. Ba3 Ne4 10. Bxd6 Nxd6 11. Nc3 Bb7 12. Rc1 Re8 13. Re1 Rc8 14. b4 Ne4 15. Re2 c6 16. a4 Qe7 17. Rb2 h6 18. Bb1 g5 19. Qd3 g4 20. Nd2 f5 21. Nf1 Rf8 22. Ne2 Rce8 23. Nf4 Qg7 24. Ba2 Ndf6 25. Rbc2 Kh8 26. Kh1 Rg8 27. Kg1 h5 28. Ng3 h4 29. Nxe4 Nxe4 30. Kf1 h3 31. g3 Qd7 32. b5 c5 33. dxc5 Nxc5 34. Qd4+ Qg7 35. Qxg7+ Kxg7 36. Bxd5 Bxd5 37. Nxd5 Re4 38. a5 Nb3 39. Rc7+ Kh8 40. Nf6 Rg7 41. Rc8+ Rg8 42. Rxg8# 1-0

[Event "LLHH 2324 SK Weisse Dame - SK Marmstorf"]
[Site "?"]
[Date "2023.11.19"]
[Round "2.6"]
[White "Schiele, Lars"]
[Black "Hohlbein, Michael"]
[Result "1-0"]
[WhiteElo "2050"]
[BlackElo "1974"]
[PlyCount "69"]
[EventDate "2023.??.??"]

1. d4 Nf6 2. c4 g6 3. Nc3 Bg7 4. e4 d6 5. Nf3 O-O 6. Be2 e5 7. O-O Nbd7 8. Re1 Re8 9. Bf1 a6 10. Rb1 exd4 11. Nxd4 Nc5 12. f3 Nh5 13. g4 Nf6 14. Be3 Bd7 15. b4 Ne6 16. Nde2 Nxg4 17. fxg4 Ng5 18. h3 Nf3+ 19. Kg2 Nxe1+ 20. Qxe1 f5 21. Qg3 fxg4 22. hxg4 Bc6 23. Kg1 Bxe4 24. Nxe4 Rxe4 25. Bg2 Re5 26. Nf4 Qe8 27. Bd4 Re7 28. Bxg7 Re3 29. Qf2 Kxg7 30. Bxb7 Rb8 31. Bxa6 Qe5 32. Rf1 c6 33. Bb7 c5 34. Bd5 Kh8 35. b5 1-0

[Event "LLHH 2324 SK Weisse Dame - SK Marmstorf"]
[Site "?"]
[Date "2023.11.19"]
[Round "2.7"]
[White "Bach, Matthias"]
[Black "Kuhle, Sebastian"]
[Result "1-0"]
[WhiteElo "2207"]
[BlackElo "2026"]
[PlyCount "69"]
[EventDate "2023.??.??"]

1. d4 Nf6 2. c4 e6 3. Nf3 b6 4. g3 Ba6 5. Qc2 Bb7 6. Bg2 Bb4+ 7. Bd2 a5 8. O-O O-O 9. Bg5 Be7 10. Bxf6 Bxf6 11. Ng5 Bxg5 12. Bxb7 Ra7 13. Bg2 c6 14. e3 d5 15. Rd1 b5 16. b3 b4 17. Nd2 Bf6 18. Rac1 a4 19. bxa4 Qa5 20. e4 Qxa4 21. exd5 cxd5 22. cxd5 Qxa2 23. Qxa2 Rxa2 24. dxe6 fxe6 25. Bh3 Ra6 26. Nb3 e5 27. d5 Be7 28. Bf1 Raf6 29. Bc4 Bd6 30. Nd2 Rg6 31. Ne4 Nd7 32. Bb3 Bb8 33. Rc6 Nf6 34. d6+ Kh8 35. d7 1-0